Sintaxis funcional

Uloženo v:
Podrobná bibliografie
Hlavní autor: Martinet, André V. (autor)
Médium: Kniha
Jazyk:španělština
Vydáno: Valparaíso Universitarias de Valparaíso 1973
Vydání:1a. ed
Témata:
Tagy: Přidat tag
Žádné tagy, Buďte první, kdo vytvoří štítek k tomuto záznamu!

MARC

LEADER 00000nam a2200000 a 4500
001 UCN1013
003 CL-VaPUC
008 010420e19730500CL |||||||||||||||||spa|d
082 0 4 |a 415  |b MAR  |2 21 
100 |a Martinet, André V.  |e autor  |9 611822 
245 1 0 |a Sintaxis funcional 
250 |a 1a. ed 
300 |a 36 p 
942 |c BK 
945 |d 20010420 00:00:00  |a vberengu 
260 |a Valparaíso  |b Universitarias de Valparaíso  |c 1973 
650 0 |a Análisis sintáctico  |9 334453 
650 0 |a Lingüística  |9 265068 
583 |a last modification  |c 20010420 00:00:00  |k Rodrigo Vera 
999 |c 294614  |d 294612 
952 |0 0  |1 0  |4 0  |6 415_000000000000000_MAR_1973  |7 0  |8 A  |9 347162  |a BIBCUR  |b BIBCUR  |d 2019-11-20  |i 3707156  |o 415 MAR 1973  |p 3707156  |r 2025-04-22  |w 2019-11-20  |y BK  |k PER 
952 |0 0  |1 0  |4 0  |6 415_000000000000000_MAR_1973  |7 0  |8 X  |9 347163  |a FDOBUD  |b FDOBUD  |d 2019-11-20  |i 1024280  |o 415 MAR 1973  |p 1024280  |r 2019-11-20  |w 2019-11-20  |y BK_X  |k BUD